Lyrics gesucht! #1 - Counting Stars (OneRepublic) - Statistiken

Allgemein
  • Dieses Quiz wurde 65 mal gespielt
  • Das Durchschnittsergebnis liegt bei 16 aus 73
Antwortstatistiken
Textquiz % Korrekt
Dreaming about the things that we could be
87%
Dreaming about the things that we could be
87%
Dreaming about the things that we could be
87%
Dreaming about the things that we could be
87%
Dreaming about the things that we could be
87%
Dreaming about the things that we could be
87%
Lately, I've been, I've been losing sleep
62%
Lately, I've been, I've been losing sleep
62%
Lately, I've been, I've been losing sleep
62%
Lately, I've been, I've been losing sleep
62%
Lately, I've been, I've been losing sleep
62%
Lately, I've been, I've been losing sleep
62%
Lately, I've been, I've been losing sleep
62%
Said, "No more counting dollars, we'll be counting stars"
33%
Said, "No more counting dollars, we'll be counting stars"
33%
Said, "No more counting dollars, we'll be counting stars"
33%
Said, "No more counting dollars, we'll be counting stars"
33%
Young, but I'm not that bold
23%
Young, but I'm not that bold
23%
Old, but I'm not that old
21%
Old, but I'm not that old
21%
Swing my heart across the line
21%
But baby, I've been, I've been praying hard
19%
But baby, I've been, I've been praying hard
19%
But baby, I've been, I've been praying hard
19%
But baby, I've been, I've been praying hard
19%
But baby, I've been, I've been praying hard
19%
But baby, I've been, I've been praying hard
19%
But baby, I've been, I've been praying hard
19%
I see this life, like a swinging vine
17%
Yeah, we'll be counting stars
17%
Everything that kills me makes me feel alive
13%
Everything that kills me makes me feel alive
13%
Doing the wrong thing
12%
I feel something so right
12%
Doing the right thing
10%
Doing the right thing
10%
I couldn't lie, couldn't lie, couldn't lie
10%
I couldn't lie, couldn't lie, couldn't lie
10%
Take that money, watch it burn
10%
Take that money, watch it burn
10%
Take that money, watch it burn
10%
Take that money, watch it burn
10%
Take that money, watch it burn
10%
Take that money, watch it burn
10%
Take that money, watch it burn
10%
And I don't think the world is sold
8%
And I don't think the world is sold
8%
Everything that drowns me makes me wanna fly
8%
Make that money, watch it burn
8%
Seek it out and ye shall find
8%
And I feel something so wrong
6%
And I feel something so wrong
6%
And in my face is flashing signs
6%
On just doing what we're told
6%
On just doing what we're told
6%
Down this river, every turn
4%
Hope is our four-letter word
4%
Sink in the river the lessons I've learned
4%
Sink in the river the lessons I've learned
4%
Sink in the river the lessons I've learned
4%
Sink in the river the lessons I've learned
4%
Sink in the river the lessons I've learned
4%
Sink in the river the lessons I've learned
4%
Sink in the river the lessons I've learned
4%
Sink in the river the lessons I've learned
4%
Yeah, yeah
4%
Dreaming about the things we could be
2%
I feel your love, and I feel it burn
2%
Oh, take that money, watch it burn
2%
Said, "No more counting dollars, we'll be, we'll be counting stars"
2%
Said, "No more counting dollars, we'll be, we'll be counting stars"
2%
Said, "No more counting dollars, we'll be, we'll be counting stars"
2%
Keine übereinstimmenden Quizze gefunden
Verteilung der Resultate
Anzahl Personen mit jedem Resultat
Perzentil nach korrekt beantworteten Fragen
Ihre Resultats-Entwicklung
Sie haben dieses Quiz noch nicht gespielt